<?xml version="1.0" encoding="UTF-8"?>
<record
    xmlns:xsi="http://www.w3.org/2001/XMLSchema-instance"
    xsi:schemaLocation="http://www.loc.gov/MARC21/slim http://www.loc.gov/standards/marcxml/schema/MARC21slim.xsd"
    xmlns="http://www.loc.gov/MARC21/slim">

  <leader>01474nam a22001337a 4500</leader>
  <datafield tag="999" ind1=" " ind2=" ">
    <subfield code="c">65913</subfield>
    <subfield code="d">65910</subfield>
  </datafield>
  <datafield tag="100" ind1=" " ind2=" ">
    <subfield code="a">Sabagi, Mubashreen </subfield>
    <subfield code="a">16MSIT25</subfield>
    <subfield code="a">Supervisor - Dr. Akbar Hussain Jalbani</subfield>
  </datafield>
  <datafield tag="245" ind1=" " ind2=" ">
    <subfield code="a">Fuzzy Expert System for Diagnosing  Diabetes Mellitus</subfield>
  </datafield>
  <datafield tag="260" ind1=" " ind2=" ">
    <subfield code="a">Nawabshah:</subfield>
    <subfield code="b">QUEST,</subfield>
    <subfield code="c">2019.</subfield>
  </datafield>
  <datafield tag="300" ind1=" " ind2=" ">
    <subfield code="a">33p.</subfield>
  </datafield>
  <datafield tag="500" ind1=" " ind2=" ">
    <subfield code="a">ABSTRACT


Diabetes is a dangerous disease in which the human body cannot produce proper quantity of insulin. Diabetes will also develop heart disease, kidney disease, blindness, nerve damage, and blood vessel damage. This research uses Mamdani type expert systems for a diabetes diagnosis. Fuzzy expert system is a group of membership functions and rules. Fuzzy based expert systems are leaning toward numerical computing.
In which diagnose the diabetes using four different type of input age, gender and two blood test HbA1c and FPG using MATLAB Fuzzy Logic Designer in which first create fuzzy sets through fuzzification and fuzzy inference engine create the rules and facts and apply the rules on those facts to take the appropriate decision on the basis of given information that  person is affected by diabetes or not and provides the description of result. Finally defuzzification method is used to convert the fuzzy output set into a crisp output. The output of the proposed fuzzy inference system is encouraging and provides the accuracy of 81.2 %.
</subfield>
  </datafield>
  <datafield tag="700" ind1=" " ind2=" ">
    <subfield code="a">Department of Information Technology</subfield>
  </datafield>
  <datafield tag="856" ind1=" " ind2=" ">
    <subfield code="u">http://tinyurl.com/yc4aybyb</subfield>
  </datafield>
  <datafield tag="942" ind1=" " ind2=" ">
    <subfield code="c">THESIS</subfield>
  </datafield>
  <datafield tag="952" ind1=" " ind2=" ">
    <subfield code="0">0</subfield>
    <subfield code="1">0</subfield>
    <subfield code="4">0</subfield>
    <subfield code="7">0</subfield>
    <subfield code="a">RESEARCH</subfield>
    <subfield code="b">RESEARCH</subfield>
    <subfield code="d">2019-10-18</subfield>
    <subfield code="l">0</subfield>
    <subfield code="p">MP/55-696</subfield>
    <subfield code="r">2019-10-18 00:00:00</subfield>
    <subfield code="y">THESIS</subfield>
  </datafield>
  <datafield tag="952" ind1=" " ind2=" ">
    <subfield code="0">0</subfield>
    <subfield code="1">0</subfield>
    <subfield code="4">0</subfield>
    <subfield code="7">0</subfield>
    <subfield code="a">RESEARCH</subfield>
    <subfield code="b">RESEARCH</subfield>
    <subfield code="d">2023-12-21</subfield>
    <subfield code="l">0</subfield>
    <subfield code="p">MP/47-552</subfield>
    <subfield code="r">2023-12-21 00:00:00</subfield>
    <subfield code="w">2023-12-21</subfield>
    <subfield code="y">THESIS</subfield>
  </datafield>
</record>
